• 首页
  • 本馆介绍
  • 公告通知
  • 最新文献
  • 馆藏检索
  • 电子资源
  • 读者导购
  • 参考咨询
  • 我的图书馆
  • 登录
  • 详细信息显示
  • 放入我的书架
  • 预约/预借图书
  • 作者相关作品
  • 分类相关作品
  • 丛书相关作品
  • 出版社相关作品

书目信息

  • 表格格式
  • 工作单格式
  • 卡片格式
题名:
成都滋味
    
 
作者: 聂作平 著
分册:  
出版信息: 成都   成都时代出版社  2017.09
页数: 212页
开本: 21cm
丛书名: 天府文化书系
单 册:
中图分类: K297.11
科图分类:
主题词: 文化史--wen hua shi--成都
电子资源:
ISBN: 978-7-5464-1853-7
000 01070nam 2200277 450
001 CAL 0120172304610
005 20171017104004.8
010    @a978-7-5464-1853-7@b@dCNY35.00
100    @a20171017d2017 em y0chiy50 ea
101 0  @achi
102    @aCN@b510000
105    @aa z 000yy
106    @ar
200 1  @a成都滋味@Acheng du zi wei@f聂作平著@g
210    @a成都@c成都时代出版社@d2017.09
215    @a212页@c图@d21cm
225 2  @a天府文化书系@Atian fu wen hua shu xi@h第2辑
314    @a聂作平, 中国作家协会会员。
330    @a本书是一本记述成都历史文化的书籍。成都人有一种独特的文化性格, 当他们面临许多大事件、大灾难、大时代的时候, 总会以一种自己独特的态度去面对。有人说是达观, 有人说是智慧, 有人说是散淡, 有人说是盆地意识。这些态度意味着什么, 通过作者的叙述和解读, 让我们对成都人的文化性格有更进一步的了解。
410  0 @12001 @a天府文化书系@h第2辑
606 0  @a文化史@Awen hua shi@y成都
690    @aK297.11@v5
701  0 @a聂作平@Anie zuo ping@4著
801  0 @aCN@b人天书店@c20171017@g
905    @aBZT@dK297.11@e2
906    @dCNY35.00@n3@r1
    
    成都滋味/聂作平著.-成都:成都时代出版社,2017.09
    212页:图;21cm.-(天府文化书系.第2辑)
    
    
    ISBN 978-7-5464-1853-7:CNY35.00
    本书是一本记述成都历史文化的书籍。成都人有一种独特的文化性格, 当他们面临许多大事件、大灾难、大时代的时候, 总会以一种自己独特的态度去面对。有人说是达观, 有人说是智慧, 有人说是散淡, 有人说是盆地意识。这些态度意味着什么, 通过作者的叙述和解读, 让我们对成都人的文化性格有更进一步的了解。
●
相关链接 在五车中查询图书 在当当中查询图书 在豆瓣中查询图书


正题名:成都滋味     索取号:K297.11/2         预约/预借

序号 登录号 条形码 馆藏地/架位号 状态 备注
1 833271   2000833271   第二书库/ [索取号:K297.11/2] 在馆    
2 833272   2000833272   第二书库/ [索取号:K297.11/2] 在馆    
3 833273   2000833273   第二书库/ [索取号:K297.11/2] 在馆    
山东省滨州职业学院图书馆 欢迎您!
大连网信软件有限公司© 版权所有